[Event "Giraldilla de La Habana op"]
[Site "Havana"]
[Date "2018.07.29"]
[Round "4"]
[White "Perez Grinan, Pedro Ernesto"]
[Black "Gomez Arnau, Reinerio"]
[Result "1/2-1/2"]
[WhiteElo "2050"]
[BlackElo "2166"]
[PlyCount "33"]
[EventDate "2018.07.28"]
[EventType "swiss"]
[EventRounds "9"]
[EventCountry "CUB"]
[SourceTitle "EXT 2021"]
[Source "ChessBase"]
[SourceDate "2020.10.23"]
[SourceVersion "1"]
[SourceVersionDate "2020.10.23"]
[SourceQuality "1"]

1. d4 Nf6 2. Nf3 e6 3. Bf4 b6 4. e3 Bb7 5. Be2 Be7 6. h3 0-0 7. Nbd2 c5 8. c3 Nc6 9. 0-0 d5 10. a4 Rc8 11. Bd3 Re8 12. Ne5 Nxe5 13. Bxe5 Nd7 14. Bh2 Bf6 15. f4 a6 16. Nf3 g6 17. g4 1/2-1/2

[Event "Maria Teresa Mora Memorial op"]
[Site "Havana"]
[Date "2018.??.??"]
[Round "8"]
[White "Gomez Arnau, Reinerio"]
[Black "Perez Grinan, Pedro Ernesto"]
[Result "0-1"]
[WhiteElo "2197"]
[BlackElo "2043"]
[PlyCount "60"]
[EventDate "2018.03.08"]
[EventType "swiss"]
[EventRounds "9"]
[EventCountry "CUB"]
[SourceTitle "EXT 2021"]
[Source "ChessBase"]
[SourceDate "2020.10.23"]
[SourceVersion "1"]
[SourceVersionDate "2020.10.23"]
[SourceQuality "1"]

1. e4 d5 2. Nf3 dxe4 3. Ng5 e5 4. Nxe4 f5 5. Ng3 Be6 6. Nc3 Bc5 7. Be2 Nf6 8. d3 0-0 9. 0-0 c6 10. Bf3 Nbd7 11. Rb1 Qc7 12. b4 Bd6 13. a4 Nb6 14. Bd2 Nbd5 15. Nce2 f4 16. Ne4 Nxe4 17. Bxe4 Qe7 18. b5 Nf6 19. bxc6 b6 20. Nc3 Ng4 21. Qf3 Kh8 22. a5 Bc5 23. Bd5 Nxh2 24. Kxh2 Qh4+ 25. Kg1 Bg4 26. Qe4 Rf6 27. Bxf4 exf4 28. d4 f3 29. Rfe1 Rh6 30. Qe8+ Bf8 0-1

[Event "Maria Teresa Mora Memorial op"]
[Site "Havana"]
[Date "2018.??.??"]
[Round "9"]
[White "Morales Garcia, Alexei"]
[Black "Perez Grinan, Pedro Ernesto"]
[Result "1/2-1/2"]
[WhiteElo "2113"]
[BlackElo "2043"]
[PlyCount "25"]
[EventDate "2018.03.08"]
[EventType "swiss"]
[EventRounds "9"]
[EventCountry "CUB"]
[SourceTitle "EXT 2021"]
[Source "ChessBase"]
[SourceDate "2020.10.23"]
[SourceVersion "1"]
[SourceVersionDate "2020.10.23"]
[SourceQuality "1"]

1. e4 e5 2. Nf3 Nc6 3. Bb5 a6 4. Ba4 Nf6 5. 0-0 Be7 6. Re1 b5 7. Bb3 0-0 8. d3 d6 9. h3 Re8 10. Ng5 Rf8 11. Nf3 Re8 12. Ng5 Rf8 13. Nf3 1/2-1/2

[Event "Havana Province-ch final"]
[Site "Havana"]
[Date "2010.10.27"]
[Round "10"]
[White "Perez Grinan, Pedro Ernesto"]
[Black "Rodriguez Bravo, Alfredo"]
[Result "1/2-1/2"]
[WhiteElo "1914"]
[BlackElo "2085"]
[PlyCount "48"]
[EventDate "2010.10.18"]
[EventType "tourn"]
[EventRounds "11"]
[EventCountry "CUB"]
[SourceTitle "EXT 2019"]
[Source "ChessBase"]
[SourceDate "2018.10.10"]
[SourceVersion "1"]
[SourceVersionDate "2018.10.10"]
[SourceQuality "1"]

1. e4 e6 2. Nf3 d5 3. Nc3 dxe4 4. Nxe4 Nd7 5. d4 b6 6. Bd3 Bb7 7. 0-0 Ngf6 8. Nxf6+ gxf6 9. Re1 Bd6 10. Be4 Bxe4 11. Rxe4 Qe7 12. c4 0-0-0 13. Qa4 Kb8 14. c5 bxc5 15. dxc5 Bxc5 16. b4 Bb6 17. Qb5 Ne5 18. Rxe5 fxe5 19. Bg5 f6 20. Nxe5 Qe8 21. Nc6+ Ka8 22. Bxf6 Rd5 23. Qc4 Rf8 24. Bh4 Qd7 1/2-1/2